000
00206 a2200085 4500
020
_a
9783038603474
100
_a
ALICE DUBET
245
_a
ABC: SCHOOLS OF THE FUTURE. BEST DESIGN PRACTICES
260
_b
PARK BOOKS
999
_c
13063
_d
13063